00474 2200193 4500001002100000005001500021008004100036020001800077035001900095041000700114082000800121090001400129100001300143245002900156260003800185300002800223500001000251650001900261INLIS00000000000222320241224112510241224||||||||| | ||| |||| || |  a979-26-7133-1 0010-1224002223 aid0 a612 a612 WAH t0 aWahyudin00aTubuh Kita Dan Kesehatan aJakartabArmandelta Selarasc2006 avi,174 hlm.:ilus.;26 cm aCet.1 0aILMU KESEHATAN